000 00340nam a2200145Ia 4500
008 230718s9999 xx 000 0 und d
041 _aEng.
082 _a346.42
_bKHA-I
100 _aKhan,Dr.M Rashid
245 0 _aIslamic jusisprudence
260 _aPakistan
_bManzoor book house
_c1998
300 _a347
650 _aLaw
999 _c30251
_d30251